| 000 | 00876nam a2200217 a 4500 | ||
|---|---|---|---|
| 001 | 001191817 | ||
| 003 | AM-YeHGA | ||
| 005 | 20250617152826.0 | ||
| 008 | 161123s1978 ru 000 0 rus d | ||
| 040 | _aAM-YeHGA | ||
| 041 | 0 | _arus | |
| 245 | 0 | 0 |
_aМеждународный электротехнический словарь / _cОтв. ред. И.Е. Гаген. |
| 250 | _a1-е изд. | ||
| 260 |
_aЖенева : _bВНИИ Электронстандарт, _c1978. |
||
| 300 | _aглава. | ||
| 440 | 0 |
_aМеждународная электротехническая комиссия _vПубл. 50 (531) |
|
| 505 | 1 | 0 |
_gГл. 531 (1978, 127 с.) _tЭлектровакуумные приборы |
| 653 | 0 | _aЭлектротехника - Терминологические словари | |
| 700 | 1 |
_aГаген, И.Е. _eред. _4edt |
|
| 090 | _c380573 | ||
| 999 |
_c378658 _d378658 |
||